00763cam a22002414a 45000010009000000050017000090080041000260100017000670200036000840400018001200410008001380420008001460800013001540820017001671000007001841010007001912450081001985040051002799060045003309420012003759990017003879520117004041247511320180829043530.0010718s2002 nyua b 001 0 eng  a 2001045558 a0471413658 (cloth : alk. paper) aDLCcDLCdDLC aeng apcc a658.151100a658.15112211 a62 aKM10aManagerial accounting :cJerry J. Weygandt, Donald E. Kieso, Paul D. Kimmel. aIncludes bibliographical references and index. a7bcbccorignewd1eocipf20gy-gencatlg 2ddccBK c47390d47390 00102lcc40708PËKGa002b002cPËKGd2018-08-29l0o658.1511 KIEp002-3011959r2018-08-29w2018-08-29yBK